Tous les classiques Disney - Statistiques

Statistiques générales
  • Ce quiz a été pris 1 064 fois
  • Le résultat moyen est 65 sur 124
Statistiques - réponses
Numero Réponse % Correct
1 Blanche neige
96%
14 Cendrillon
92%
36 La belle et la bête
87%
18 La belle au bois dormant
86%
109 La reine des neiges
86%
33 La petite sirène
83%
2 Pinocchio
83%
48 Mulan
82%
5 Bambi
80%
38 le roi lion
79%
101 Raiponce
79%
4 Dumbo
78%
17 La belle et le clochard
78%
41 Pocahontas
77%
42 Toy story
77%
118 Vaiana
77%
37 Aladdin
76%
3 Fantasia
76%
16 Peter pan
75%
98 La princesse et la grenouille
74%
86 Cars
72%
19 Les 101 dalmatiens
71%
23 Les aristochats
71%
53 Toy story 2
70%
100 Toy story 3
70%
124 La reine des neiges 2
69%
63 Cendrillon 2
68%
22 Le livre de la jungle
68%
49 Le roi lion 2
68%
56 La petite sirène 2
67%
39 Le retour de Jafar
65%
77 Mulan 2
65%
104 Rebelle
65%
47 La belle et la bête 2
64%
71 Le roi lion 3
64%
26 Les aventures de Bernard et bianca
64%
123 Toy story 4
64%
103 Cars 2
63%
120 Coco
63%
15 Alice au pays des merveilles
62%
52 Tarzan
62%
50 Pocahontas 2
61%
45 Hercule
60%
43 Le bossu de notre dame
60%
29 Rox et rouky
60%
102 Winnie l’ourson
60%
119 Cars 3
59%
72 Le monde de nemo
59%
65 Lilo et stitch
59%
20 Merlin l’enchanteur
57%
117 Le monde de dory
56%
25 Robin des bois
56%
78 Les indestructibles
55%
66 Peter pan 2
55%
60 Kuzco l’empereur mégalo
54%
84 Bambi 2
53%
116 Zootopie
53%
44 Aladdin et le roi des voleurs
52%
73 Frère des ours
52%
59 La belle et le clochard 2
52%
106 Les mondes de Ralph
52%
90 Ratatouille
52%
54 Fantasia 2000
50%
97 La haut
49%
69 Le livre de la jungle 2
49%
67 Les 101 dalmatiens 2
49%
80 Tarzan 2
49%
114 Vice versa
49%
121 Les indestructibles 2
48%
21 Mary Poppins
48%
95 Volt
47%
93 La fée clochette
46%
62 Le bossu de notre dame 2
46%
81 Lilo et stitch 2
46%
51 1001 pattes
45%
61 Atlantide
45%
89 Rox et rouky 2
45%
30 Taram et le chaudron magique
45%
122 Ralph 2.0
44%
87 Frere des ours 2
43%
112 Les nouveaux héros
43%
32 Oliver et compagnie
43%
68 La planète au trésor
42%
7 Les trois caballeros
42%
108 Planes
41%
9 Mélodie du sud
40%
76 La ferme se rebelle
39%
94 Wall e
39%
31 Basil détective privé
38%
11 Mélodie cocktail
38%
58 Dinosaure
37%
83 Kuzco 2
37%
111 Planes 2
37%
8 La boîte à musique
36%
82 Chicken little
35%
40 Dingo et Max
35%
13 Le crapaud et le maître d’ecole
35%
57 Les aventures de tigrou
35%
35 Bernard et bianca au pays des kangourou
34%
10 Coquin de printemps
34%
115 Le voyage d’arlo
34%
64 Monstres et cie
34%
6 Saludos Amigos
34%
70 Les aventures de Porcinet
33%
92 Le secret de la petite sirène
33%
88 Le sortilège de cendrillon
33%
46 Winnie l’ourson 2
32%
55 Dingo et Max 2
31%
107 Monstres académy
30%
91 Bienvenue chez les Robinson
29%
96 Clochette et la pierre de lune
29%
110 Clochette et la fée pirate
28%
12 Danny le petit mouton noir
28%
28 Les aventures de Winnie l’ourson
28%
27 Peter et Elliott le dragon
28%
34 La bande à picsou
27%
74 Les aventures de petit gourou
26%
105 Clochette et le secret des fées
25%
113 Clochette et la créature legendaire
23%
99 Clochette et l’expedition féerique
23%
79 Winnie l’ourson et l’efelant
21%
85 The wild
20%
25 L’apprentie sorcière
17%
75 Mickey Donald Dingo : Les 3 mousquetaires
10%
Aucun quiz correspondant
Distribution des résultats
% des personnes avec chaque résultat
Percentile par nombre de réponses
Votre historique - résultats
Vous n’avez pas pris ce quiz